000 01119nam a2200301 i 4500
001 32694
003 ES-MaACL
005 20250807013017.0
007 t|
008 030131s1978 sp ||||1| spa d
020 _a84-00-03707-3
100 1 _aBerthelot, Sabin.
_928445
245 1 0 _aEtnografía y Anales de la Conquista de las Islas Canarias /
_cde Sabino Berthelot y P. Barker-Webb ; traducción Juan Arturo Malibrán ; revisión de textos latinos José Doreste Abreu.
250 _a[2ª ed.].
260 _aLas Palmas :
_bEl Museo Canario,
_c1978.
300 _a2 v. :
_bil. ;
_c20 cm.
490 1 _aArcón canario ;
_v5-6
505 8 _aContiene: [T.] II: Usos y costumbres - T.III: Anales de la conquista de las islas Canarias
650 4 _a
_9241632
651 4 _aCanarias-
_xUsos y costumbres.
_9152161
700 1 _aMalibrán, Juan Arturo.
_975776
700 1 _aDoreste Abreu, José.
_945395
700 0 _aWebb, Philip Barker.
_9116241
710 2 _aEl Museo Canario.
_93455
830 0 _aArcón canario ;
_v5-6
_9229426
852 _aES-MaACL
_jA-9618-19
_bR.99157
999 _c32694
_d32694